Quizzes
Events
Quiz Creation
Community
Videos
Private Events
Remove Ads
Sign In
Join for FREE
Feedback
Dark Mode
Quiz Categories
Sports
Geography
Music
Movies
Television
Just For Fun
Miscellaneous
History
Literature
Language
Science
Gaming
Entertainment
Religion
Holiday
For Kids
Quiz Lab
Recent
Popular Today
Quiz Kudos Today
Editor Picks
Curator Picks
Quizzes by...
Day
Popularity
Type
Ratings
Length
Year
Community
Subscriptions
Recent Discussions
Orange Saloon
Badges
Playlists
Quests
Create
Leaderboards
Showdown
Live 5
Trivia Bingo
Activity
Puzzle Library
Sporcle Events
Private Events
Virtual Trivia
Globe League
Become a Host
Pub Owners
SporcleCon
Opinionation
Our Games
Videos
Blog
Mobile Apps
Partnerships
Remove Ads and Go Orange
Feedback
Just For Fun
Clickable
Get the Picture
Humor
Quick Pick
Word Ladder
Missing Word
Mixed Word
Blitz
Minefield
This or That
Alphabet
Color
Typing
Sporcle
Puzzle
Word Play
Follow That Line
Logic
Just For Fun
Clickable
Get the Picture
Humor
Quick Pick
Word Ladder
Missing Word
Mixed Word
Blitz
Minefield
This or That
Alphabet
Color
Typing
Sporcle
Puzzle
Word Play
Follow That Line
Logic
Random Quiz
Search Sporcle
×
Quiz Lab
Quiz Lab
Just For Fun
Popular
Type in answers that appear in a list
Type in answers that appear in a list
Classic
Best Score? Go Orange.
Can you name the most popular Fórum SCP users? Stats
Can you name the most popular Fórum SCP users??
By
armas
2m
11 Questions
42 Plays
42 Plays
42 Plays
Comments
Comments
Give Quiz Kudos
Give Quiz Kudos
-
- Ratings
hide this ad
Replay
Link that replays current quiz
Next Quiz
Link to next quiz in quiz playlist
You Got
0%
They Got
Avg Score
44%
Avg Friend Score
Upgrade to see
Score Distribution
Jump to the score distribution portion of the page
Score
0/11
Timer
02:00
0
Plays Today
Dica
Forista
% Correct
Suécia
Paracelsus
83.3%
Como se dice 'precoce' en paraguayo?
Brendever
64.3%
Patrício hater
Incitatus
54.8%
CAPSLOCK ALMEIDA
Carlos Almeida
54.8%
Ginasta 2011
Mauras
47.6%
Vi-
o a passar na Vasco da Gama
Vitinhos
45.2%
Chuteiras e saias
SCasanova
38.1%
The pickup artist
Gabriel Alves
35.7%
Pereirinha lover
SGuerreiro
35.7%
1º Ex-
Peso Pesado
Patrick
19%
Mister wet shirt
nunoni
7.1%
Quiz Playlist
Details
Report
Send in Message
Add To Playlist
Classic:
Type in answers that appear in a list
Last Updated: Feb 16, 2017
Quiz Scoreboard
CHALLENGE
Sign Up to Join the Scoreboard
Show All
Scores
Hide
Comments
May contain spoilers
Recently Published
Billboard Blitz: Fleetwood Mac
by CooCooCachoo
Music
15s
Presidents Visiting Landmarks
by Hejman
History
7m
An Introduction to Baseball
by treessimontrees
Sports
5m
More to Explore
Quiz From the Vault
Featured Blog Post
Where Did the Easter Bunny Come From?
hide this ad
You Might Also Like...
Tags
Popular Quiz
forum
User
Today's Top Quizzes in Just For Fun
Browse Just For Fun
hide this ad
Today's Top Quizzes in Popular
Browse Popular
Top Contributed Quizzes in Just For Fun
1
Killer Double Trees 224 - Colour Match-Up
2
Spring Typing Challenge
3
Crossword Whiteout! 49
4
Zeroing In: Just For Fun
5
Harry Potter Logic - 'In Chains' II
6
Survivor Winners Logic Puzzle
7
Word Ladder: Ahoy Matey
8
Kyle's 122nd Triple Trees
9
Who Wants to be a Millionaire? (CLICKABLE)
10
Word Ladder: Wilderness Weapon
Explore More
Trending Topics
Kpop
NBA
Harry Potter
Marvel
Anime
Disney
Crossword
NFL
Country
WWE
Puzzle
Soccer
The Office
Pokémon
Song
hide this ad
More By:
armas
Quiz
Plays
Rating
Category
Featured
Created
Sporting Clube de Portugal - Football Squad 2010/11
217
Sports
Jun 13, 2012
Sporting Clube de Portugal - Football Squad 2007/08
100
Sports
Jun 13, 2012
Sporting Clube de Portugal - Football Squad 2009/10
100
Sports
Jun 13, 2012
Sporting Clube de Portugal - Football Squad 2008/09
68
Sports
Jun 13, 2012
Can you name the most popular Fórum SCP users?
42
Just For Fun
Jan 9, 2012
Go to Creator's Profile
Score Distribution
Quiz Creator Spotlight
armas
Follow
Send a Message
Quizzes Created
-
Created Quiz Play Count
-
More By This Creator
Popular Quizzes Today
1
Find the US States - No Outlines Minefield
2
Find the Countries of Europe - No Outlines Minefield
3
The Countries of the World
4
Find the US States
5
Popular People in 1961
6
US States
7
Risky Map Clicking: Biggest States A-Z
8
Movies - When Are They Set?
More Just For Fun Quizzes
Word Ladder: Car Manufacturers
Published
Trending Quizzes
Risky Map Clicking: Least Populous States A-Z
1-10 Letter G Words
1-10 Letter F Words
Risky Map Clicking: Next State Alphabetically
Risky Map Clicking: Biggest States A-Z
Recently Updated
Leaping Animals
pecheneg
Reality TV Shows (A-Z)
bhenderson79
Rickey Henderson's Hall of Fame Teammates
pecheneg
Champions League XIs: Arsenal
pecheneg
Quick Pick: Celebrities in WWE's Hall of Fame
aduchscher
A-Z Keypad Blitz II
pecheneg
Multiple Oscar Actors
pecheneg
Mystery Phrase Blitz: Oscar 'Best Actors'
pecheneg
F. Scott Fitzgerald Novels
LTH
Pick 3 Villains
ddd62291
Trending Topics
Disney
Crossword
NBA
Anime
Kpop
Marvel
Harry Potter
Song
Puzzle
Pokémon
NFL
WWE
The Office
Soccer
Country
Your Account Isn't Verified!
In order to create a playlist on Sporcle, you need to verify the email address you used during registration. Go to your
Sporcle Settings
to finish the process.
Report this User
Report this user for behavior that violates our
Community Guidelines
.
Details:
Send Report
Go to the Sporcle.com Mobile Site →
Comments